000 00909cam a2200229 4500
001 L124560
008 031203n2003 000 0 eng u
035 _a(Sirsi) u124560
041 _aeng
100 _aMcDonough, S.
245 _aSetting up in business: establishing professional fees
260 _c2003
490 _aRICS Feature
_v11 September 2003 (1)
490 _aRICS Practitioner Problems Series
520 _aProvides basic advice on sources of information that may prove useful when calculating what fees to charge.
650 _aFEE SCALES
690 _aMANAGEMENT-BUSINESS MANAGEMENT-FEES
710 _aRoyal Institution of Chartered Surveyors
_bProfessional Information
_94562
710 _aRoyal Institution of Chartered Surveyors
_94900
856 _uhttps://www.rics.org/RICSWEB/getpage.aspx?p=AOv32Bi2JEiQIebsHqq-XQ
_zView the item free of charge at www.rics.org...
942 _n0
999 _c73922
_d73922